00678nam a2200181 i 450000100060000000300090000600500170001500700030003200800410003510000390007624500930011526000500020830000400025870000270029885200320032599900170035795201220037430991ES-MaACL20230906154305.0t|030128s1970 sp ||||1| spa d1 aBattaglia, Liliana Inglese.92646810aCómo ser una buena secretaria / cLiliana Inglese Battaglia ; traductor: Luis Seguí. aMadrid : bI.E.E. Antonio González, c1970. a243 p., 8 lám. : bil. ; c21 cm.1 aSeguí, Luis.9105175 aES-MaACLjC-46187 bR.73852 c30991d30991 00104070aATENEOMbATENEOMcDEPO2d2008-01-17eSCl0oC-46187p1032016r2023-02-23 00:00:00w2023-02-23yMONOGRAFIA